000 00501nam a2200181Ia 4500
008 240925s9999 xx 000 0 und d
020 _a9780273740933
082 _a658.802 HOO
100 _aHooley, Graham; Piercy, Nigel F.
245 0 _aMarketing Strategy and Competitive Positioning
250 _a5th
260 _aUttar Pradesh:
_bPearson Education Inc
_c,2012.
300 _a349p.
_bNA
_fOriginal
500 _aIncludes Index
600 _aManagement
650 _aManagement
942 _cBK
999 _c14966
_d14966